[Event "DANMJ"]
[Site "?"]
[Date "1998.04.06"]
[Round "4"]
[White "Lie, Kjetil A."]
[Black "Sagafos, Magne"]
[Result "1-0"]
[WhiteElo "2210"]
[BlackElo "1819"]
[PlyCount "73"]

1. g3 Nf6 2. Bg2 g6 3. d3 Bg7 4. e4 d6 5. c4 O-O 6. Ne2 c5 7. O-O Nc6 8. Nbc3
Rb8 9. h3 a6 10. f4 Qc7 11. Be3 b5 12. b3 Bd7 13. g4 Qc8 14. f5 h5 15. g5 Nh7
16. Rc1 b4 17. Nd5 gxf5 18. Ng3 f4 19. Nxf4 h4 20. Nf5 Bxf5 21. exf5 Bd4 22.
Bxd4 Nxd4 23. Nd5 Kh8 24. Qh5 Rg8 25. Nxe7 Rxg5 26. Qxf7 Qb7 27. Ng6+ Rxg6 28.
fxg6 Ne2+ 29. Kh2 Qxf7 30. Rxf7 Ng5 31. Re1 Nd4 32. Ree7 Nxf7 33. Rxf7 Ne6 34.
Rh7+ Kg8 35. Bd5 Re8 36. Kg2 Kf8 37. Rh8+ 1-0

[Event "DANMJ"]
[Site "?"]
[Date "1998.04.06"]
[Round "4"]
[White "Johannessen, Leif E."]
[Black "Bae, Torstein"]
[Result "1-0"]
[WhiteElo "2290"]
[BlackElo "2177"]
[PlyCount "45"]

1. d4 d5 2. c4 Nc6 3. Nc3 dxc4 4. e3 e5 5. d5 Nce7 6. Bxc4 Ng6 7. Nge2 Bd6 8.
O-O Nf6 9. Ng3 O-O 10. f3 Bd7 11. Qc2 c6 12. Nce4 Ne8 13. dxc6 Bxc6 14. Bd2 Qc7
15. Rac1 Rd8 16. Qb3 Bxe4 17. Nxe4 Qe7 18. Rfd1 Kh8 19. Nxd6 Nxd6 20. Bb4 f5
21. Rc2 21... Ne4 $4 {To sporsmalstegn er alt for lite...} 22. Bxe7 Rxd1+ 23.
Bf1 {"Dette hadde jeg oversett" - Torstein Bae.} 1-0

[Event "DANMJ"]
[Site "?"]
[Date "1998.04.06"]
[Round "4"]
[White "Hansen, Torbjorn R."]
[Black "Almstrom, Martin"]
[Result "0-1"]
[WhiteElo "2065"]
[BlackElo "2195"]
[PlyCount "68"]

1. c4 c6 2. g3 d5 3. Bg2 Nf6 4. Nf3 Bg4 5. b3 Nbd7 6. Bb2 e6 7. O-O Bd6 8. Na3
O-O 9. Nc2 Bh5 10. d3 Re8 11. Rc1 a5 12. Ne3 a4 13. Qc2 axb3 14. axb3 c5 15.
Ra1 d4 16. Rxa8 Qxa8 17. Ra1 Qb8 18. Nf1 18... e5 {Er det vanlig at svart far
denne romfordelen i engelsk, Torbjorn? Noe na vel ha gatt svart galt allerede.}
19. e4 Qc7 20. Nh4 Nb8 21. Bc1 Na6 22. Bd2 Nd7 23. Bh3 Ndb8 24. g4 Bg6 25. Ng3
Nc6 26. Qd1 Rb8 27. Nhf5 Nab4 28. Qf3 Bf8 29. Nh5 Qd8 30. Kg2 30... Ra8 {
Hvits dronning er overbelastet, den kan ikke passe pa bade d3 og a-linja.
Derfor kommer svart na inn med enten tarnet eller dronningen.} 31. Rb1 Ra2 32.
Bc1 Rc2 33. Qg3 Rc3 34. Ra1 Nxd3 0-1

[Event "DANMJ"]
[Site "?"]
[Date "1998.04.06"]
[Round "4"]
[White "Borchgrevink, Harald"]
[Black "Osttveit, Martin"]
[Result "0-1"]
[WhiteElo "1848"]
[BlackElo "1843"]
[PlyCount "108"]

1. d4 Nf6 2. c4 g6 3. Nc3 Bg7 4. e4 d6 5. Be2 O-O 6. Bg5 Na6 7. Qd2 Qe8 8. Nf3
e5 9. d5 c6 10. Rd1 cxd5 11. Bxf6 Bxf6 12. Nxd5 Bd8 13. Nc3 Be6 14. Qxd6 Bc7
15. Qd2 Rd8 16. Nd5 Bxd5 17. exd5 Nc5 18. O-O a5 19. Rfe1 f5 20. Qe3 b6 21. Bf1
e4 22. Qh6 Qf7 23. Ng5 Qg7 24. Qxg7+ Kxg7 25. g3 h6 26. Nh3 g5 27. Rb1 f4 28.
b3 f3 29. Kh1 Rfe8 30. a3 a4 31. b4 Nb3 32. Rbd1 Re5 33. Re3 Kf6 34. g4 Kg6 35.
Kg1 h5 36. gxh5+ Kxh5 37. Kh1 Kg6 38. Ng1 Kf5 39. Bh3+ g4 40. Bf1 Bd6 41. Rc3
Rh8 42. h3 Re7 43. Rc2 gxh3 44. Bxh3+ Rxh3+ 45. Nxh3 Rh7 46. Ra2 Rxh3+ 47. Kg1
Rh2 48. Re1 Rg2+ 49. Kh1 Bg3 50. d6 Bxd6 51. c5 bxc5 52. bxc5 Nxc5 53. Rd2 Nd3
54. Rxd3 Rh2+ 0-1

[Event "DANMJ"]
[Site "?"]
[Date "1998.04.06"]
[Round "4"]
[White "Jensen, Bjarke"]
[Black "Hansen, Victor"]
[Result "1-0"]
[WhiteElo "2110"]
[BlackElo "1631"]
[PlyCount "106"]

1. e4 c6 2. Nc3 d5 3. Nf3 Bg4 4. Be2 Nf6 5. exd5 cxd5 6. d4 e6 7. h3 Bf5 8.
Bb5+ Nc6 9. Ne5 Qb6 10. a4 10... Bb4 $6 (10... Bd6 {Etter dette trekket ville
sort kanskje unngatt det problemet som etterhvert dukker opp.}) 11. O-O O-O 12.
Bxc6 bxc6 13. g4 Bxc3 14. bxc3 Bg6 15. h4 h6 16. g5 $5 16... hxg5 17. hxg5 Ne4
18. Qe1 (18. Nd7 Nxc3 19. Qd2 Qxd4 20. Qxd4 Ne2+ 21. Kg2 Nxd4 22. Nxf8 22...
Kxf8 $13) 18... Rad8 19. f3 Nd6 20. Nxg6 fxg6 21. Qxe6+ {Det er vanskelig a si
hvor svart har gjort feil, men na er i alle fall stillingen blitt vanskelig a
holde.} 21... Rf7 22. Qxg6 Nf5 23. Bf4 Nxd4 24. Be3 Ne2+ 25. Kf2 d4 26. cxd4
Nxd4 27. Kg2 c5 28. Qxb6 axb6 29. Bxd4 Rxd4 30. Kg3 Ra7 31. Rfb1 Rdxa4 32. Rxa4
Rxa4 33. Rxb6 Ra2 34. Kf4 Kh7 (34... Rxc2 35. Kf5 Kf8 36. Kg6 {og svarts tarn
blir litt inaktivt. Hvit far tak i g-bonden, og kan i verste tilfellet ofre
tarnet pa c-bonden.}) 35. Kf5 c4 (35... Rxc2 36. g6+ Kh6 37. Rb8) 36. Rc6 Ra5+
37. Kg4 Ra1 38. Rxc4 Kg6 39. Rc6+ Kh7 40. c4 Ra8 41. c5 Ra4+ 42. Kf5 Ra3 43. f4
Ra8 44. Ke5 Kg8 45. f5 Kf8 46. f6 gxf6+ 47. Kxf6 Re8 48. g6 Ra8 49. Rd6 Kg8 50.
g7 Kh7 51. c6 Ra7 52. g8=Q+ Kxg8 53. Rd8+ 53... Kh7 {
og svart sa samtidig av Rd7 la i luften.} 1-0

[Event "DANMJ"]
[Site "?"]
[Date "1998.04.06"]
[Round "4"]
[White "Ferkingstad, Sjur"]
[Black "Kimari, Patrick"]
[Result "0-1"]
[WhiteElo "1897"]
[BlackElo "2150"]
[PlyCount "84"]

1. e4 d5 2. Nc3 Nf6 3. exd5 Nxd5 4. Bc4 Nb6 5. Bb3 Nc6 6. Nf3 Bf5 7. O-O e6 8.
d3 Be7 9. Be3 Bg4 10. Re1 Bf6 11. h3 Bh5 12. Rb1 O-O 13. Ne4 h6 14. Nc5 Rb8 15.
g4 Bg6 16. Bxe6 fxe6 17. Nxe6 Qd5 18. Nxf8 Rxf8 19. Nh2 Be5 20. Nf1 Rf3 21. c4
Qf7 22. Kg2 Rf6 23. Ng3 Rd6 24. Qf3 Qxf3+ 25. Kxf3 Rxd3 26. b3 Nd4+ 27. Kg2
Bxg3 28. Rbd1 Nc2 29. Kxg3 Nxe1 30. Rxe1 Nd7 31. f4 Be4 32. f5 Kf7 33. Kf4 Bc6
34. h4 b6 35. g5 Nc5 36. g6+ Kf6 37. h5 Nd7 38. Bxb6 Rf3+ 39. Kg4 Ne5+ 40. Rxe5
Kxe5 41. Bxc7+ Ke4 42. b4 Bd7 0-1

[Event "DANMJ"]
[Site "?"]
[Date "1998.04.06"]
[Round "4"]
[White "Johansen, Terje"]
[Black "Leer-Salvesen, Bjarte"]
[Result "1/2-1/2"]
[WhiteElo "2260"]
[BlackElo "2235"]
[PlyCount "102"]

1. d4 d5 2. c4 e6 3. Nc3 c6 4. e3 Nf6 5. Nf3 Nbd7 6. Qc2 Bd6 7. g4 Bb4 (7...
Nxg4 {er skarpest:} 8. Rg1 Nxh2 (8... Qf6 9. Rxg4 9... Qxf3 $14) 9. Nxh2 Bxh2
10. Rxg7 Nf8 11. Rg2 $13) 8. Bd2 Qe7 9. a3 Bxc3 10. Bxc3 a5 11. Rg1 Ne4 12. Bd3
Nxc3 13. Qxc3 dxc4 14. Bxc4 b5 15. Bd3 15... Bb7 {Karakteristisk for denne
varianten, er at ingen av kongene star helt trygge. Pa begge floyer er det
muligheter for angrep begge veier. Derfor rokerer heller ikke noen av
spillerne.} 16. Rg3 b4 17. axb4 Qxb4 18. Nd2 Qxc3 19. bxc3 Ke7 20. Nc4 Ba6 21.
Rxa5 Bxc4 22. Rxa8 Rxa8 23. Bxc4 Nb6 24. Be2 Ra1+ 25. Kd2 Ra2+ 26. Kd3 26...
Nd5 {Vi ser na at bonden pa a5 ikke var noen bukk. Svart har fatt spill for
den, og vil fa den tilbake na. En av grunnene til det, er at hvits tarn er
deplassert pa g3 i denne situasjonen.} 27. Bf3 Rxf2 28. h3 Ra2 29. Bxd5 exd5
30. e4 dxe4+ 31. Kxe4 Kd6 32. Rf3 Ra7 33. c4 Re7+ 34. Kd3 Ra7 35. h4 f6 36. Rf5
Ra3+ 37. Ke4 Ra4 38. h5 {Dette er et viktig skille. Hvit spiller sa hardt som
mulig pa vinst, og velger her a avvikle sa han far en fribondepa kongefloyen.
Men til gjengjeld far svart en pa den andre siden.} 38... Rxc4 39. h6 gxh6 40.
Rxf6+ Ke7 41. Rxh6 c5 42. Ke5 Rxd4 43. Rxh7+ Kf8 44. g5 Ra4 45. Rc7 45... Ra6 {
Svart er tydeligvis kjent med 6.rads-forsvaret, og med kongen rundtforvandlings
feltet, er det umulig a vinne.} 46. Kf5 Kg8 47. Kg4 c4 48. Kh5 c3 49. Rxc3
49... Kg7 {"Har Bjarte bukket, eller var det tapt hele tiden"  - anonym
Lie-gutt, nr 2 i rekken.} 50. Rc7+ Kg8 51. g6 Ra1 1/2-1/2

[Event "DANMJ"]
[Site "?"]
[Date "1998.04.06"]
[Round "4"]
[White "Valeinis, Janis"]
[Black "Hjort, Jens L."]
[Result "0-1"]
[WhiteElo "2177"]
[BlackElo "1991"]
[PlyCount "82"]

1. d4 Nf6 2. c4 c5 3. d5 b5 4. Nf3 g6 5. a4 b4 6. g3 d6 7. Bg2 Bg7 8. O-O O-O
9. Nfd2 Nbd7 10. Qc2 Rb8 11. e4 e5 12. Nf3 Nh5 13. Bg5 Qe8 14. Bh3 Rb7 15. Nbd2
Nb8 16. Bxc8 Qxc8 17. Kg2 h6 18. Be3 f5 19. exf5 gxf5 20. Nb3 Rbf7 21. Rae1 Nd7
22. Bc1 e4 23. Ng1 Ne5 24. f4 Nd3 25. Re2 Qa6 26. Nd2 26... b3 $1 27. Nxb3 (27.
Qxb3 Rb7 28. Qc2 28... Nxb2 $17) 27... Qxa4 {
Hvit har fatt en litt ubekvem stilling, og han velger a miste en bonde.} 28.
Nd4 Qxc2 29. Nxc2 Nxb2 30. Na3 Rb8 31. Nb5 $2 {
Dette virker veldig rart, og er antagelig et resultat av tidsnod.} 31... Nxc4
32. Rc2 Rxb5 33. Rxc4 Rfb7 34. g4 fxg4 35. Rxe4 Nf6 36. Re6 R7b6 37. f5 c4 38.
Bxh6 Rxd5 39. Bxg7 Kxg7 40. Re7+ Kh6 41. Re6 41... Rd2+ {Svart klarte seg fint
ut av tidskontrollen, og dermed er stillingen ganske lett vunnet.} 0-1

[Event "DANMJ"]
[Site "?"]
[Date "1998.04.06"]
[Round "4"]
[White "Ballo, Emanuel"]
[Black "Teigum, Amund"]
[Result "1-0"]
[WhiteElo "2200"]
[BlackElo "1016"]
[PlyCount "47"]

1. d4 Nf6 2. c4 g6 3. Nc3 Bg7 4. e4 d6 5. f3 Nbd7 6. Be3 e5 7. Nge2 O-O 8. Qd2
Ne8 9. g4 Nb6 10. Ng3 f5 11. gxf5 gxf5 12. Bg5 Bf6 13. Bh6 Bg7 14. dxe5 fxe4
15. fxe4 Qh4 16. Bxg7 Kxg7 17. O-O-O $16 {
Det ma vel sies at svarts konge muligens sliter litt mer enn hvits.} 17... dxe5
18. c5 18... Bg4 $2 19. cxb6 Bxd1 20. Qxd1 Qh6+ 21. Kb1 Qxb6 22. Qd5 22... Qd4
$4 23. Nf5+ Rxf5 24. exf5 1-0

[Event "DANMJ"]
[Site "?"]
[Date "1998.04.06"]
[Round "4"]
[White "Vagle, Raymond"]
[Black "Lie, Espen"]
[Result "0-1"]
[WhiteElo "1536"]
[BlackElo "1808"]
[PlyCount "94"]

1. d4 d5 2. c4 e6 3. Nc3 c6 4. Nf3 Nf6 5. Bg5 5... Nbd7 {
Er det ingen der ute som tor spille Botvinnik-varianten?} 6. e3 Be7 7. Qc2 O-O
8. Bd3 b6 9. O-O Bb7 10. cxd5 cxd5 11. Rac1 h6 12. Bh4 Ne8 13. Bxe7 (13. Bg3 $5
{Kanskje gjor loperen mer nytte for seg her.}) 13... Qxe7 14. Ne5 Nxe5 15. dxe5
f6 16. exf6 Qxf6 17. Qe2 a6 18. Rc2 b5 19. Rfc1 Nd6 20. Qh5 Nc4 21. Qg6 Qxg6
22. Bxg6 Rac8 23. Nd1 Ne5 24. Rxc8 Rxc8 25. Rxc8+ Bxc8 26. Bc2 (26. b4 $5)
26... b4 27. f3 a5 28. Kf2 28... Ba6 {Bare ved hjelp av noen enkle trekk, har
svart festet grepet pa sluttspillet. Men det er langt igjen.} 29. a3 Kf7 30.
axb4 axb4 31. f4 $2 {
Taper bonde forsert, og gjor partiet mye kortere enn nodvendig.} 31... Ng4+ 32.
Kg3 Be2 33. h3 Bxd1 34. Bxd1 Nxe3 35. Ba4 Nc4 36. b3 Nb6 37. Bb5 Ke7 38. Kf3
Nd7 39. Be2 Kd6 40. Ke3 Nc5 41. Bd1 e5 42. fxe5+ Kxe5 43. Bc2 d4+ 44. Ke2 Kf4
45. Kf2 d3 46. g3+ Ke4 47. Bd1 Kd4 0-1

[Event "DANMJ"]
[Site "?"]
[Date "1998.04.06"]
[Round "4"]
[White "Olsen, Anders"]
[Black "Lehiste, Margus"]
[Result "1/2-1/2"]
[WhiteElo "1764"]
[BlackElo "2096"]
[PlyCount "41"]

1. d4 Nf6 2. c4 g6 3. Nc3 d5 4. cxd5 Nxd5 5. e4 Nxc3 6. bxc3 Bg7 7. Bc4 c5 8.
Ne2 O-O 9. O-O cxd4 10. cxd4 Nc6 11. Be3 Bg4 12. f3 Na5 13. Bxf7+ Rxf7 14. fxg4
Rxf1+ 15. Qxf1 Qd7 16. Rc1 Qxg4 17. Qf3 Qd7 18. Qh3 Rd8 19. Qxd7 Rxd7 20. d5 b6
21. Kf2 1/2-1/2

[Event "DANMJ"]
[Site "?"]
[Date "1998.04.06"]
[Round "4"]
[White "Trygstad, Kristian"]
[Black "Berg-Jensen, Joachim"]
[Result "1-0"]
[WhiteElo "2205"]
[BlackElo "1632"]
[PlyCount "63"]

1. e4 d5 2. exd5 Nf6 3. Bb5+ Bd7 4. Bc4 Bg4 5. f3 Bc8 6. Nc3 Nbd7 7. Nge2 Nb6
8. b3 Nbxd5 9. Nxd5 Nxd5 10. O-O {Hvits krumspring har gitt ham et
utviklingsforsprang, og dermed en liten fordel.} 10... e6 11. Bb2 Bd6 12. f4 c6
13. Qe1 Qc7 14. Qh4 Ne7 15. Bd3 Bd7 16. Nc3 O-O-O 17. Ne4 f6 18. Qf2 Kb8 19.
Nxd6 Qxd6 20. a4 Nd5 21. Ba3 Qc7 22. a5 g5 23. fxg5 fxg5 24. Bc4 24... b5 {
Det var vel kanskje ikke sa lurt a gi hvit a-linja. Istedet kunne han provd a
gjore noe pa kongefloyen. Hvit ma ha med flere brikker for angrepet kan sla
igjennom, og det kan ta litt tid.} 25. axb6 axb6 26. Bb2 Rhf8 27. Qxf8 Rxf8 28.
Rxf8+ Bc8 29. Ba6 Ne7 30. Bf6 Qd6 31. d4 (31. Bxe7 Qd4+ 32. Kf1 Qxa1+ 33. Kf2
33... Qxa6 $19) 31... Qb4 32. Be5+ {Nar Ba6 gar, blir det matt.} 1-0

[Event "DANMJ"]
[Site "?"]
[Date "1998.04.06"]
[Round "4"]
[White "Heimreid, Ken-Ivar"]
[Black "Lie, Ole A."]
[Result "1/2-1/2"]
[WhiteElo "1652"]
[BlackElo "1637"]
[PlyCount "48"]

1. d4 d5 2. Nf3 {Tilbyr remis.} 2... Nf6 3. e3 e6 4. Be2 {Jeg vil ikke avtale
remis, jeg vil heller spille remis, tenkte sikkert "remis-Ole".} 4... c5 5. O-O
Nc6 6. c3 Bd6 7. Nbd2 cxd4 8. exd4 O-O 9. Re1 9... Qc7 {
Men na vil jeg ha remis, sa Ole.} 10. Bd3 a6 11. Bb1 11... e5 {Med mange avbytt
er i sikte, skjonte Ole at remis var innen rekkevidde, sa han tilbod igjen.}
12. dxe5 Nxe5 13. Nxe5 Bxe5 14. Nf3 Bg4 15. h3 Bxf3 16. Qxf3 Rfe8 17. Rd1 Re6
18. g4 {Hvit har loperparet pekende mot svarts konge, og satset friskt.} 18...
Qc6 19. Qd3 g6 20. Bc2 Bc7 21. g5 Qd6 22. f4 Qc5+ 23. Qd4 {Etter alle
kene har det blitt svart luftig rundt hvits konge,  og det smarteste var
antagelig a ta det rolig. Med doblet tarn og Ne4, kunne svart raskt ha lagd
farlige trusler.} 23... Qxd4+ 24. cxd4 Ne4 1/2-1/2

[Event "DANMJ"]
[Site "?"]
[Date "1998.04.06"]
[Round "4"]
[White "Brakkan, Kolbjorn"]
[Black "Gunnesdal, Lars"]
[Result "0-1"]
[WhiteElo "1678"]
[BlackElo "1715"]
[PlyCount "70"]

1. d4 Nf6 2. Nf3 g6 3. e3 Bg7 4. c4 c5 5. Nc3 cxd4 6. exd4 d5 7. Qb3 dxc4 8.
Bxc4 O-O 9. h3 Nc6 10. Qd1 (10. Ne5 $2 10... Nxd4 11. Nxf7 Nxb3 12. Nxd8+ Kh8
13. Bxb3 Rxd8) 10... a6 11. a4 $6 {
Som vi vil se, blir det svart apent for svarts springere. 11.a3 kan ga an.}
11... Qc7 12. Qe2 Rd8 13. Be3 Nb4 14. Ne5 Nfd5 15. Nf3 Nc2+ 16. Qxc2 Qxc4 17.
Qe2 Qb4 18. O-O Nxc3 19. bxc3 Qxc3 20. Rfc1 Qb4 21. Rc4 Qd6 22. Rb1 Be6 23.
Rcb4 23... Bd5 {
Denne loperen er jo veldig sterk midt pa brettet, uten konkurrenter.} 24. Bg5
Bf6 25. Bxf6 Qxf6 26. Ne5 Rac8 27. f3 Qf5 28. Qd3 Qe6 29. Rb6 Rd6 30. a5 f6 31.
Ng4 {
Hvit gjor det ikke lettere for seg selv, ved a komme opp i en durabel tidsnod.}
31... Bc6 32. Qc3 Qd5 33. Rd1 Bd7 34. Qb3 $2 34... Qxb3 35. Rxb3 Ba4 0-1

[Event "DANMJ"]
[Site "?"]
[Date "1998.04.06"]
[Round "4"]
[White "Villmo, Harald"]
[Black "Mellem, Nikolas A."]
[Result "0-1"]
[WhiteElo "1290"]
[BlackElo "1648"]
[PlyCount "44"]

1. e4 d6 2. d4 Nf6 3. Nc3 g6 4. Bc4 Bg7 5. Nge2 c6 6. O-O b5 7. Bb3 b4 8. Na4
Nxe4 9. f3 Nf6 10. Bd2 a5 11. a3 Na6 12. Bc4 Rb8 13. Qe1 O-O 14. Rf2 Nd5 15.
Bxd5 cxd5 16. axb4 Nxb4 17. Bxb4 axb4 18. c3 Ba6 19. Qd1 Bc4 20. Nc1 b3 21. Ra3
Qd7 22. Rd2 Bh6 0-1

[Event "DANMJ"]
[Site "?"]
[Date "1998.04.06"]
[Round "4"]
[White "Angeltveit, Vigleik"]
[Black "Ovnerud, Thomas"]
[Result "1/2-1/2"]
[WhiteElo "1642"]
[BlackElo "1815"]
[PlyCount "161"]

1. e4 g6 2. d4 Bg7 3. Nf3 d6 4. c4 Nf6 5. Nc3 O-O 6. Be2 e5 7. O-O Nc6 8. d5
Ne7 9. Nd2 Ne8 10. b4 f5 11. f3 Bf6 12. c5 f4 13. Nb3 Bh4 14. Bd2 Kh8 15. Rc1
Ng7 16. cxd6 cxd6 17. Na5 Nh5 18. Qb3 Ng8 19. Bd3 Qg5 20. Rc2 Bh3 21. Bc1 Rf7
22. Nb5 Rd8 23. Nc4 Rf6 24. Nxa7 Bd7 25. b5 Ng7 26. b6 Qh5 27. Ba3 Ne8 28. Na5
Rb8 29. Bb5 Bxb5 30. Nxb5 g5 31. Rfc1 g4 32. Rc8 Rxc8 33. Rxc8 gxf3 34. Qxf3
Qf7 35. Nc7 Ng7 36. Nxb7 Qd7 37. Rd8 Qa4 38. Nxd6 Qd4+ 39. Kf1 Qa1+ 40. Ke2
Qe1+ 41. Kd3 Qb1+ 42. Kc4 Qxb6 43. Rd7 h6 44. Qg4 Qd4+ 45. Kb5 {Det er ikke
ofte du ser en slik todeling av stillingen, med de hvite brikkene pa en side,
og de svarte pa den andre. Men det er spennende!} 45... Qd3+ 46. Ka4 Qc2+ 47.
Ka5 Bg5 48. h4 Qxa2 49. Ncb5 Rxd6 50. Rxd6 Be7 51. Qh3 Bxd6 52. Nxd6 Nf6 53.
Nf7+ Kh7 54. Nxe5 Qd2+ 55. Kb5 Nxe4 56. Qd3 Qxd3+ 57. Nxd3 Nf5 58. h5 Nc3+ 59.
Kc4 Nxd5 60. Kxd5 Ne3+ 61. Ke4 Nxg2 62. Nxf4 Ne1 63. Bc5 Kg7 64. Ke3 Kf6 65.
Ke2 Kg5 66. Bd6 Nc2 67. Kd3 Ne1+ 68. Ke4 Nc2 69. Ke5 Ne3 70. Be7+ Kg4 71. Ke4
Nf1 72. Ne2 Kxh5 73. Bd6 Kg4 74. Bf4 h5 75. Nd4 h4 76. Nf3 Ng3+ 77. Bxg3 hxg3
78. Ke3 Kh3 79. Ke4 g2 80. Kf4 g1=N 81. Nxg1+ {
Det var virkelig underholdende a vente pa dere!} 1/2-1/2

[Event "DANMJ"]
[Site "?"]
[Date "1998.04.06"]
[Round "4"]
[White "Pronstad, Thomas"]
[Black "Breivik, Tallak H."]
[Result "1-0"]
[WhiteElo "1366"]
[BlackElo "1516"]
[PlyCount "97"]

1. e4 e5 2. Nf3 Nc6 3. Bc4 Nf6 4. d3 Be7 5. Nc3 d6 6. h3 Be6 7. Bb3 O-O 8. O-O
Qd7 9. Be3 Bxb3 10. axb3 d5 11. exd5 Nxd5 12. Nd2 f5 13. Nxd5 Qxd5 14. f3 Nd4
15. Ra4 Ne6 16. Re1 Bc5 17. Nf1 Nf4 18. Qd2 Rf6 19. Kh2 Bxe3 20. Qxe3 20... Rg6
$2 {
Dette blir litt for naivt, i tillegg til at det faktisk taper minst en bonde.}
21. Ng3 Re8 22. Rxf4 Rxg3 23. Rxf5 Rg6 24. Rxe5 Qd6 25. Kg1 Rxe5 26. Qxe5 Qxe5
27. Rxe5 Rc6 28. c3 Kf7 29. Re4 $1 {Med dette forserer hvit tarnbyttet, over
til et vunnet bondesluttspill. Tarnsluttspillet er vel vunnet det ogsa, men
det tar lengre tid.} 29... Ra6 30. Ra4 Rb6 31. Rb4 Rxb4 (31... Rd6 32. Rxb7
Rxd3 33. Rxc7+ Kf6 34. Rxa7 $18) 32. cxb4 b5 33. Kf2 Ke6 34. Ke3 Ke5 35. f4+
Kd5 36. g4 a6 37. h4 c6 38. h5 g6 39. hxg6 hxg6 40. d4 Kd6 41. Ke4 Ke6 42. f5+
gxf5+ 43. gxf5+ Kf6 44. Kf4 {Hvit bruker bondemajoriteten pa riktig mate, og
skaffer seg etterhvert fribonder pa dronningfloyen.} 44... Kf7 45. Ke5 Ke7 46.
f6+ Kf7 47. Kd6 Kxf6 48. Kxc6 Ke6 49. d5+ 1-0

[Event "DANMJ"]
[Site "?"]
[Date "1998.04.06"]
[Round "4"]
[White "Hagesather, Ellen"]
[Black "Nilsen, Ole Tommy"]
[Result "1-0"]
[WhiteElo "2045"]
[BlackElo "1415"]
[PlyCount "45"]

1. e4 e5 2. Nf3 Nf6 3. Nc3 Nc6 4. d3 Be7 5. g3 O-O 6. Bg2 Re8 7. O-O b6 8. Nd5
h6 9. Nxe7+ Qxe7 10. Nh4 10... a5 $2 {
Hvit skal ikke fa lov til a sette springeren pa f5, i hverfall ikke med tempo!}
11. Nf5 Qf8 12. Qf3 d5 13. c3 dxe4 14. dxe4 Ba6 15. Re1 15... Rad8 {Hvit har ta
lmodig ventet pa sjansen til a raske med seg en bonde, og ventet ikke
forgjeves.} 16. Nxh6+ gxh6 17. Qxf6 Re6 18. Qf3 Nb8 19. Be3 Nd7 20. Bh3 Rf6 21.
Qh5 21... Bb7 $4 22. Bxd7 Rxd7 23. Qg4+ 1-0

[Event "DANMJ"]
[Site "?"]
[Date "1998.04.06"]
[Round "4"]
[White "Bjerke, Silje"]
[Black "Svendsen, Bertil"]
[Result "1/2-1/2"]
[WhiteElo "1664"]
[BlackElo "1696"]
[PlyCount "48"]

1. e4 c5 2. Nf3 d6 3. d4 cxd4 4. Nxd4 Nf6 5. Nc3 g6 6. Be2 Bg7 7. Be3 O-O 8.
O-O Nc6 9. Kh1 Bd7 10. f4 Rc8 11. Nb3 a6 12. Bf3 b5 13. a3 Be6 14. Nd5 Nd7 15.
c3 a5 16. Nd4 Nxd4 17. Bxd4 Bxd4 18. Qxd4 Rc4 19. Qe3 Bxd5 20. exd5 Nf6 21.
Rfe1 Re8 22. Rad1 Qc7 23. Rd4 Rc8 24. h3 Rxd4 1/2-1/2

[Event "DANMJ"]
[Site "?"]
[Date "1998.04.06"]
[Round "4"]
[White "Ytteborg, Jan Henrik"]
[Black "Ekeberg, Carl Fr."]
[Result "0-1"]
[WhiteElo "1276"]
[BlackElo "1627"]
[PlyCount "84"]

1. e4 e6 2. d4 d5 3. exd5 exd5 4. Nf3 Bd6 5. Bd3 Ne7 6. O-O h6 7. Re1 O-O 8.
Ne5 Bxe5 9. dxe5 c5 10. c3 Nbc6 11. Qh5 f5 12. f4 Qb6 13. Kh1 Be6 14. Re3 Rad8
15. Na3 Kh8 16. Rb1 d4 17. Rg3 Bxa2 18. Ra1 Bf7 19. Qh3 dxc3 20. bxc3 c4 21.
Rb1 $4 {"Et rattent darlig forsok pa a jage dama" - Hans Olav i etteranalysene.
Dette taper bare offiser.} (21. Bf1 Rd1 22. Rf3 {matte spilles.}) 21... Qf2 22.
Be3 (22. Rf3 $4 22... Rxd3 23. Rxf2 Rd1+) 22... Qa2 23. Bxf5 Nxf5 24. Qxf5 Qxa3
25. Qg4 Rg8 26. e6 26... Bxe6 $6 {
Et sikkert trekk, men noen ville kanskje provd a beholde offiseren.} 27. Qxe6
Qxc3 28. Qg4 Rd3 29. Bf2 Rxg3 30. Bxg3 Qc2 31. Re1 Nd4 32. Qd7 Nf5 33. Qxb7 a5
34. Qb5 a4 35. Kg1 Nxg3 36. hxg3 a3 37. Qa5 Qb2 38. Qd5 c3 39. Qd1 c2 40. Qc1
Rb8 41. Kh2 Qxc1 42. Rxc1 a2 0-1

[Event "DANMJ"]
[Site "?"]
[Date "1998.04.06"]
[Round "5"]
[White "Johannessen, Leif E."]
[Black "Lie, Kjetil A."]
[Result "1/2-1/2"]
[WhiteElo "2290"]
[BlackElo "2210"]
[PlyCount "132"]

1. d4 Nf6 2. c4 g6 3. g3 Bg7 4. Bg2 d6 5. Nc3 O-O 6. Nf3 Nc6 7. O-O e5 8. d5
Ne7 9. e4 Nd7 10. Ne1 f5 11. Nd3 Nf6 12. Bg5 h6 13. Bxf6 Rxf6 14. f4 Rf8 15.
fxe5 dxe5 16. Qd2 c6 17. Rae1 cxd5 18. cxd5 fxe4 19. Rxf8+ Kxf8 20. Bxe4 Kg8
21. Bg2 Qd6 22. Qe2 Nf5 23. Nxe5 Bxe5 24. Qxe5 Bd7 25. Qxd6 Nxd6 26. Re7 {
Hvit gar inn i sluttspill med bade materiell og posisjonell fordel, men Kjetil
forsvarer seg glimrende.} 26... Rd8 27. Be4 Be8 28. Bd3 Kf8 29. Rc7 Rc8 30.
Rxc8 Nxc8 31. Kf2 Ke7 32. Ke3 Nd6 33. h4 g5 34. hxg5 hxg5 35. Kd4 Bd7 36. b4 b6
37. a4 Bf5 38. Be2 Bd7 39. Bd3 Bf5 40. Be4 40... Bd7 {
Her har det vart mange repetisjoner, for Leif Erlends klaff hang helt ytterst.}
41. Bc2 Bf5 42. Bd1 Bd7 43. g4 Bc8 44. a5 Bd7 45. Be2 Kf6 46. Bd1 Ke7 47. axb6
axb6 48. Na4 Bxa4 49. Bxa4 Kf6 50. Bd7 Ke7 51. Bf5 Kf6 52. Bd3 Ne8 53. d6 {
Hvit konstanterer at han ikke kommer noen vei med d-bonden, og bytter den med
svarts b-bonde.} 53... Nxd6 54. Kd5 Nf7 55. Be2 Ke7 56. Kc6 Ne5+ 57. Kxb6 Kd6
58. Ka6 Kc7 59. b5 Nd7 60. Bf3 Nb6 61. Bd1 Nd7 62. Be2 Nc5+ 63. Ka5 Nd7 64. Kb4
Kb6 65. Kc4 Ne5+ 66. Kb4 66... Nd7 {
Heller ikke denne bonden kom videre, og de fant ut at en poengdeling var greit.
} 1/2-1/2